Catálogo
 En Linea

Alabanza y Vituperio de la Lengua. : (Registro nro. 42036)

Detalles MARC
000 -CABECERA
campo de control de longitud fija 00665nam a2200169 a 4500
001 - NÚMERO DE CONTROL
campo de control 000042547
005 - FECHA Y HORA DE LA ÚLTIMA TRANSACCIÓN
campo de control 20201002040228.0
008 - DATOS DE LONGITUD FIJA--INFORMACIÓN GENERAL
campo de control de longitud fija 131211s1991 sp 000 0 spa d
040 ## - FUENTE DE LA CATALOGACIÓN
Centro catalogador/agencia de origen DO-SdBNP
Lengua de catalogación spa
Centro/agencia transcriptor BNPHU
082 ## - NÚMERO DE LA CLASIFICACIÓN DECIMAL DEWEY
Número de clasificación xxx
Número de documento/Ítem xxx
100 1# - ENTRADA PRINCIPAL--NOMBRE DE PERSONA
Nombre de persona Rodríguez Adrados, Francisco
Fechas asociadas al nombre 1922-
9 (RLIN) 69787
245 10 - MENCIÓN DE TÍTULO
Título Alabanza y Vituperio de la Lengua. :
Resto del título discurso leído el día 28 de abril del 1991, en su recepción pública /
Mención de responsabilidad, etc. Francisco Rodríguez Adrados ; constestación Emilio alarcos Llorach.
260 ## - PUBLICACIÓN, DISTRIBUCIÓN, ETC.
Lugar de publicación, distribución, etc. Madrid, :
Nombre del editor, distribuidor, etc. Real academia española,
Fecha de publicación, distribución, etc. 1991.
300 ## - DESCRIPCIÓN FÍSICA
Extensión 85 cm. ;
Dimensiones 21 cm.
590 ## - NOTA LOCAL (RLIN)
Nota local Inventariado, 2019/ YL
700 12 - PUNTO DE ACCESO ADICIONAL--NOMBRE DE PERSONA
Nombre de persona Alarcos Llorach, Emilio
Término indicativo de función/relación cons.
9 (RLIN) 27912
Existencias
Estado de retiro Estado de pérdida Restricciones de uso No para préstamo Código de colección Localización permanente Ubicación/localización actual Ubicación en estantería Fecha de adquisición Número de inventario Total de préstamos Signatura topográfica completa Código de barras Fecha visto por última vez Precio válido a partir de Tipo de ítem Koha
      Excluido de préstamo Monografías: Libros y Folletos General General Depósito 11.12.2013 LF1   xxx xxx 42547-10 25.06.2020 25.06.2020 No se presta

Con tecnología Koha